• 首页
  • 本馆介绍
  • 公告通知
  • 最新文献
  • 馆藏检索
  • 电子资源
  • 读者导购
  • 参考咨询
  • 我的图书馆
  • 登录
  • 详细信息显示
  • 放入我的书架
  • 预约/预借图书
  • 作者相关作品
  • 分类相关作品
  • 丛书相关作品
  • 出版社相关作品

书目信息

  • 表格格式
  • 工作单格式
  • 卡片格式
题名:
老照片
    
 
作者: 冯克力 主编
分册: 贰拾壹  
出版信息: 济南   山东画报出版社  2014
页数: 1册
开本: 20cm
丛书名:
单 册:
中图分类: K106
科图分类:
主题词: 世界史--Shi Jie Shi--史料 , 中国历史--Zhong Guo Li Shi--现代史--史料
电子资源:
ISBN: 978-7-5474-1655-6
000 00926nam0 22002771 450
001 349700
005 20161010152506.15
010    @a978-7-5474-1655-6@b精装@dCNY60.00
100    @a20160603d2014 em y0chiy50 ea
101 0  @achi
102    @aCN@b370000
105    @aa z 000yy
106    @ar
200 1  @a老照片@ALao Zhao Pian@e珍藏版@h贰拾壹@f冯克力主编
210    @a济南@c山东画报出版社@d2014
215    @a1册@d20cm
304    @a英文共同题名:Old photos
304    @a本书无题名页,200字段信息取自封面
314    @a主编:冯克力
330    @a本书收录《老照片》第九十五辑到第九十八辑。通过刊发有意思的老照片并辅以生动活泼的文字,以独特的视角回望百多年来人类的生存与发展。
606 0  @a世界史@AShi Jie Shi@j史料
606 0  @a中国历史@AZhong Guo Li Shi@x现代史@j史料
690    @aK106@v5
701  0 @a冯克力@AFeng Ke Li@f(1954-)@4主编
801  0 @aCN@bTANGWEI@20160730
905    @b0886325-9@dK106@e161:21@f5
    
    老照片:珍藏版.贰拾壹/冯克力主编.-济南:山东画报出版社,2014
    1册;20cm
    
    
    ISBN 978-7-5474-1655-6(精装):CNY60.00
    本书收录《老照片》第九十五辑到第九十八辑。通过刊发有意思的老照片并辅以生动活泼的文字,以独特的视角回望百多年来人类的生存与发展。
●
相关链接 在E读中查询图书 在五车中查询图书 在当当中查询图书 在豆瓣中查询图书


正题名:老照片     索取号:K106/161:21         预约/预借

序号 登录号 条形码 馆藏地/架位号 状态 备注
1 0886325   208863256   第二样本阅览室/ [索取号:K106/161:21] 在馆    
2 0886326   208863265   第二借阅区/ [索取号:K106/161:21] 在馆    
3 0886327   208863274   第二借阅区/ [索取号:K106/161:21] 在馆    
4 0886328   208863283   第二借阅区/ [索取号:K106/161:21] 在馆    
5 0886329   208863292   第二借阅区/ [索取号:K106/161:21] 在馆    
唐山师范学院图书馆 欢迎您!
大连网信软件有限公司© 版权所有